| 000 | 01594nam a2200373 i 4500 | ||
|---|---|---|---|
| 003 | CO-BoRNBP | ||
| 005 | 20250526113808.0 | ||
| 007 | ta | ||
| 008 | 231010s2022 ck a g 001 0 spa | ||
| 020 | _a9789585105867 | ||
| 040 |
_aCO-BoRNBP _bspa _erda _cCO-BoRNBP |
||
| 041 | 0 | _hspa | |
| 043 | _as-ck--- | ||
| 082 | 0 | 4 |
_a025.21874 _bS14c _222 |
| 084 | _a15359 | ||
| 100 |
_aSaldarriaga Gutierrez, Sebastián _958922 |
||
| 245 | 1 | 0 |
_aCómo gestionar los recursos bibliotecarios: _bguía práctica para bibliotecas vivas _cSebastián Saldarriaga Gutierrez, Ministerio de Cultura, Biblioteca Nacional de Colombia |
| 250 | _aPrimera edición | ||
| 264 | 1 |
_aBogotá, Colombia _bBiblioteca Nacional de Colombia _c2022 |
|
| 300 |
_a33 páginas _bilustraciones a color _c22 cm |
||
| 336 |
_atexto _btxt _2rdacontent |
||
| 337 |
_asin mediación _bn _2rdamedia |
||
| 338 |
_avolumen _bnc _2rdacarrier |
||
| 490 | 0 | _aBibliotecas vivas | |
| 505 | 0 | _aLa gestión de los recursos bibliotecarios. -- Salas y colecciones. -- Clasificación e integración de nuevo material bibliográfico. -- Descarte de material bibliográfico en 5 pasos. -- Organización del espacio. -- Ejercicios de apropiación de contenidos. | |
| 521 | _aRecomendado para un público adulto | ||
| 650 | 1 | 0 |
_aAdministración de bibliotecas _2ARMARC _91912 |
| 650 | 1 | 0 |
_aBibliotecas públicas _2ARMARC _922415 |
| 650 | 1 | 0 |
_aDesarrollo de colecciones _2ARMARC _958923 |
| 650 | 1 | 0 |
_aRecursos de información _2ARMARC _958924 |
| 710 | _aMinisterio de Cultura | ||
| 710 | 2 |
_aBiblioteca Nacional de Colombia _91889 |
|
| 942 |
_2ddc _cBK |
||
| 999 |
_c57080 _d57080 |
||